Date | Answer |
3 August 2013 | New York City, New York, USA | | 90.1% | 4 August 2013 | New York City, New York, USA | | 90.1% | 5 August 2013 | New York City, New York, USA | | 90.1% | 19 December 2013 | New York City, New York, USA | | 90.1% | 22 December 2013 | New York City, New York, USA | | 90.1% | 29 April 2013 | London, UK | | 89% | 30 April 2013 | London, UK | | 89% | 1 May 2013 | London, UK | | 89% | 3 May 2013 | London, UK | | 89% | 4 May 2013 | London, UK | | 89% | 5 May 2013 | London, UK | | 89% | 1 June 2013 | London, UK | | 89% | 28 June 2013 | Los Angeles, California, USA | | 89% | 1 July 2013 | Los Angeles, California, USA | | 89% | 3 December 2013 | Los Angeles, California, USA | | 89% | 28 February 2014 | London, UK | | 89% | 1 March 2014 | London, UK | | 89% | 2 March 2014 | London, UK | | 89% | 4 March 2014 | London, UK | | 89% | 5 March 2014 | London, UK | | 89% | 6 March 2014 | London, UK | | 89% | 31 July 2013 | East Rutherford, New Jersey, USA | | 85.7% | 24 April 2013 | Paris, France | | 83.5% | 25 April 2013 | Paris, France | | 83.5% | 10 July 2013 | Miami, Florida, USA | | 82.4% | 15 July 2013 | Houston, Texas, USA | | 81.3% | 10 December 2013 | Houston, Texas, USA | | 81.3% | 7 May 2013 | Manchester, UK | | 80.2% | 8 May 2013 | Manchester, UK | | 80.2% | 9 May 2013 | Manchester, UK | | 80.2% | 25 February 2014 | Manchester, UK | | 80.2% | 26 February 2014 | Manchester, UK | | 80.2% | 23 May 2013 | Berlin, Germany | | 78% | 24 May 2013 | Berlin, Germany | | 78% | 21 April 2013 | Amsterdam, Netherlands | | 76.9% | 22 April 2013 | Amsterdam, Netherlands | | 76.9% | 18 March 2014 | Amsterdam, Netherlands | | 76.9% | 19 March 2014 | Amsterdam, Netherlands | | 76.9% | 6 July 2013 | Dallas, Texas, USA | | 75.8% | 17 July 2013 | Chicago, Illinois, USA | | 75.8% | 9 December 2013 | Dallas, Texas, USA | | 75.8% | 13 December 2013 | Chicago, Illinois, USA | | 75.8% | 24 March 2014 | Barcelona, Spain | | 75.8% |
|
Date | Answer |
18 May 2013 | Milan, Italy | | 74.7% | 11 May 2013 | Dublin, Ireland | | 73.6% | 12 May 2013 | Dublin, Ireland | | 73.6% | 8 March 2014 | Dublin, Ireland | | 73.6% | 9 March 2014 | Dublin, Ireland | | 73.6% | 11 March 2014 | Dublin, Ireland | | 73.6% | 12 March 2014 | Dublin, Ireland | | 73.6% | 29 June 2013 | Las Vegas, Nevada, USA | | 72.5% | 6 December 2013 | Las Vegas, Nevada, USA | | 72.5% | 31 October 2013 | Sydney, Australia | | 71.4% | 1 November 2013 | Sydney, Australia | | 71.4% | 2 November 2013 | Sydney, Australia | | 71.4% | 3 November 2013 | Sydney, Australia | | 71.4% | 12 July 2013 | Duluth, Georgia, USA | | 70.3% | 23 July 2013 | Boston, Massachusetts, USA | | 70.3% | 20 December 2013 | Boston, Massachusetts, USA | | 70.3% | 29 July 2013 | Washington D.C. USA | | 68.1% | 30 July 2013 | Washington D.C. USA | | 68.1% | 18 December 2013 | Washington D.C. USA | | 68.1% | 26 March 2014 | Lisbon, Portugal | | 68.1% | 27 March 2014 | Lisbon, Portugal | | 68.1% | 21 July 2013 | Toronto, Canada | | 67% | 22 October 2013 | Melbourne, Australia | | 67% | 23 October 2013 | Melbourne, Australia | | 67% | 25 October 2013 | Melbourne, Australia | | 67% | 26 October 2013 | Melbourne, Australia | | 67% | 28 October 2013 | Brisbane, Australia | | 67% | 29 October 2013 | Brisbane, Australia | | 67% | 20 February 2014 | Glasgow, UK | | 67% | 21 February 2014 | Glasgow, UK | | 67% | 28 May 2013 | Oslo, Norway | | 64.8% | 29 May 2013 | Stockholm, Sweden | | 64.8% | 13 September 2013 | Rio de Janeiro, Brazil | | 64.8% | 26 April 2013 | Birmingham, UK | | 63.7% | 27 April 2013 | Birmingham, UK | | 63.7% | 25 July 2013 | Philadelphia, Pennyslvania, USA | | 63.7% | 23 February 2014 | Birmingham, UK | | 63.7% | 24 February 2014 | Birmingham, UK | | 63.7% | 16 October 2013 | Auckland, New Zealand | | 62.6% | 17 October 2013 | Auckland, New Zealand | | 62.6% | 18 October 2013 | Auckland, New Zealand | | 62.6% | 19 October 2013 | Auckland, New Zealand | | 62.6% | 8 November 2013 | Perth, Australia | | 62.6% |
|
Date | Answer |
9 November 2013 | Perth, Australia | | 62.6% | 5 November 2013 | Adelaide, Australia | | 61.5% | 6 November 2013 | Adelaide, Australia | | 61.5% | 22 May 2013 | Munich, Germany | | 60.4% | 7 July 2013 | New Orleans, Louisiana, USA | | 60.4% | 26 September 2013 | Mexico City, Mexico | | 60.4% | 27 July 2013 | Charlotte, North Carolina | | 59.3% | 30 November 2013 | Vancouver, Canada | | 59.3% | 7 December 2013 | Phoenix, Arizona, USA | | 59.3% | 17 May 2013 | Zürich, Switzerland | | 58.2% | 27 May 2013 | Copenhagen, Denmark | | 58.2% | 22 July 2013 | Montreal, Canada | | 57.1% | 14 December 2013 | St. Louis, Mussouri, USA | | 57.1% | 13 July 2013 | Nashville, Tennessee, USA | | 56% | 15 May 2013 | Antwerp, Belgium | | 54.9% | 31 May 2013 | Antwerp, Belgium | | 54.9% | 20 March 2014 | Antwerp, Belgium | | 54.9% | 21 March 2014 | Antwerp, Belgium | | 54.9% | 2 July 2013 | San Jose, California, USA | | 53.8% | 2 December 2013 | San Jose, California, USA | | 53.8% | 25 May 2013 | Warsaw, Poland | | 52.7% | 15 September 2013 | São Paulo, Brazil | | 51.6% | 15 March 2014 | Cologne, Germany | | 50.5% | 16 March 2014 | Cologne, Germany | | 50.5% | 17 April 2013 | Zagreb, Croatia | | 46.2% | 15 April 2013 | Belgrade, Serbia | | 45.1% | 12 December 2013 | Louisville, Kentucky, USA | | 45.1% | 18 July 2013 | Saint Paul, Minnesota, USA | | 44% | 17 September 2013 | Brasília, Brazil | | 42.9% | 5 July 2013 | Oklahoma City, Oklahoma, USA | | 41.8% | 19 April 2013 | Bratislava, Slovakia | | 39.6% | 9 July 2013 | Sunrise, Florida, USA | | 39.6% | 26 July 2013 | Atlantic City, New Jersey, USA | | 39.6% | 24 September 2013 | Monterrey, Mexico | | 38.5% | 20 September 2013 | Caracas, Venezuela | | 37.4% | 20 July 2013 | Auburn Hills, Michigan, USA | | 34.1% | 28 September 2013 | San Juan, Puerto Rico | | 34.1% | 2 August 2013 | Uncasville, Connecticut, USA | | 33% | 11 September 2013 | Belo Horizonte, Brazil | | 31.9% | 8 September 2013 | Fortaleza, Brazil | | 30.8% | 20 May 2013 | Montpellier, France | | 28.6% | 22 September 2013 | Medellín, Colombia | | 25.3% | 16 December 2013 | Toronto, Canada, Toronto | | 1.1% |
|
Comments